000 00745nam a2200253Ia 4500
003 OSt
005 20220918163940.0
006 a|||||r|||| 00| 0
007 ta
008 220917b |||||||| |||| 00| 0 eng d
020 _a0333929500 (hbk)
024 _a172,531
037 _cTextual
040 _aARTS
_cARTS
_beng
041 _2eng
_aeng
082 _aD65,8(B):(X3), P1(SC) (2D)
100 _aBuchel Bettina S T
_916161
245 0 _aUsing communication technology
_b creating knowledge organizations
260 _aHoundmills
_bPalgrave
_c1998
300 _axi, 184p
_ccm.
650 _aENGINEERING
_92968
942 _hD65,8(B):(X3), P1(SC) (2D)
_cTEXL
_2CC
999 _c122257
_d122257